Top 3 All-Time Stat Leaders for Each NBA Team - Statistics

General Stats
  • This quiz has been taken 17 times
  • The average score is 172 of 318
Answer Stats
Answer % Correct
Bob Pettit
94%
Dominique Wilkins
94%
Bill Russell
88%
Dell Curry
88%
Isiah Thomas
88%
John Havlicek
88%
Kevin Garnett
88%
Stephen Curry
88%
Allen Iverson
81%
Amir Johnson
81%
Anthony Davis
81%
Avery Johnson
81%
Bob Cousy
81%
Brad Davis
81%
Chris Paul
81%
Dale Davis
81%
David West
81%
DeAndre Jordan
81%
Dikembe Mutombo
81%
Dirk Nowitzki
81%
Dwyane Wade
81%
George Johnson
81%
Giannis Antetokounmpo
81%
Gus Johnson
81%
Hakeem Olajuwon
81%
James Harden
81%
Jason Kidd
81%
Jeff Malone
81%
Jerry West
81%
Joe Johnson
81%
Julius Erving
81%
Karl Malone
81%
Kevin Johnson
81%
Kobe Bryant
81%
Larry Bird
81%
Larry Johnson
81%
LeBron James
81%
Magic Johnson
81%
Mark West
81%
Michael Jordan
81%
Moses Malone
81%
Nikola Jokić
81%
Oscar Robertson
81%
Patrick Ewing
81%
Shaquille O'Neal
81%
Tim Duncan
81%
Tony Parker
81%
Vince Carter
81%
Walter Davis
81%
Wilt Chamberlain
81%
Blake Griffin
75%
Bradley Beal
75%
Brook Lopez
75%
Carmelo Anthony
75%
Charles Barkley
75%
Clifford Robinson
75%
Danny Green
75%
David Robinson
75%
DeMar DeRozan
75%
Devin Booker
75%
Draymond Green
75%
Duncan Robinson
75%
Dwight Howard
75%
Foots Walker
75%
George Gervin
75%
John Stockton
75%
John Wall
75%
Kareem Abdul-Jabbar
75%
Kawhi Leonard
75%
Kemba Walker
75%
Kevin Durant
75%
Marc Gasol
75%
Mike Miller
75%
Mitchell Robinson
75%
Pau Gasol
75%
Paul George
75%
Paul Pierce
75%
Ray Allen
75%
Reggie Miller
75%
Ricky Green
75%
Russell Westbrook
75%
Scottie Pippen
75%
Steve Nash
75%
Tony Allen
75%
Trae Young
75%
Alonzo Mourning
69%
Anthony Edwards
69%
Ben Wallace
69%
Bob Love
69%
Buck Williams
69%
Chris Bosh
69%
Clyde Drexler
69%
Damian Lillard
69%
Donovan Mitchell
69%
Gary Payton
69%
Gerald Wallace
69%
Hot Rod Williams
69%
Jamal Murray
69%
Ja Morant
69%
Jaylen Brown
69%
Jayson Tatum
69%
Jermaine O'Neal
69%
Josh Smith
69%
Kevin Love
69%
Kevin McHale
69%
Klay Thompson
69%
LaMelo Ball
69%
LaSalle Thompson
69%
Luka Dončić
69%
Manu Ginóbili
69%
Mychal Thompson
69%
Penny Hardaway
69%
P.J. Brown
69%
Randy Smith
69%
Rasheed Wallace
69%
Robert Parish
69%
Rudy Gobert
69%
Tim Hardaway
69%
Tristan Thompson
69%
Wes Unseld
69%
Amar'e Stoudemire
63%
Bill Laimbeer
63%
Bob McAdoo
63%
Caldwell Jones
63%
Charles Jones
63%
Chauncey Billups
63%
CJ McCollum
63%
Elgin Baylor
63%
Elvin Hayes
63%
Joe Dumars
63%
Karl-Anthony Towns
63%
Khris Middleton
63%
Kyle Lowry
63%
LaMarcus Aldridge
63%
Michael Porter Jr.
63%
Rajon Rondo
63%
Rick Barry
63%
Rik Smits
63%
Shawn Kemp
63%
Terry Porter
63%
Walt Frazier
63%
Alex English
56%
Andre Drummond
56%
Bam Adebayo
56%
Coby White
56%
De'Aaron Fox
56%
Fred Vanvleet
56%
Jaren Jackson Jr.
56%
Mark Eaton
56%
Mark Jackson
56%
Mike Conley
56%
Muggsy Bogues
56%
Naz Reid
56%
Nikola Vučević
56%
Pascal Siakam
56%
Willis Reed
56%
Zydrunas Ilgauskas
56%
Adrian Dantley
50%
Alvan Adams
50%
Artis Gilmore
50%
Chris Mullin
50%
Dave Cowens
50%
Derek Fisher
50%
Doc Rivers
50%
Dolph Schayes
50%
Elton Brand
50%
Fat Lever
50%
Gary Grant
50%
Gilbert Arenas
50%
James Worthy
50%
Jrue Holiday
50%
Mark Aguirre
50%
Mark Price
50%
Michael Ray Richardson
50%
Peja Stojaković
50%
Pooh Richardson
50%
Shawn Marion
50%
Tree Rollins
50%
Zach Lavine
50%
Zach Randolph
50%
Andrei Kirilenko
44%
Anfernee Simmons
44%
Brad Daugherty
44%
Calvin Murphy
44%
Derek Harper
44%
Hal Greer
44%
Jack Sikma
44%
Jonas Valančiūnas
44%
Kevin Willis
44%
Larry Nance
44%
Lou Hudson
44%
Marcus Camby
44%
Michael Redd
44%
Nate Thurmond
44%
Rashard Lewis
44%
Scott Skiles
44%
Trey Murphy III
44%
Tyler Herro
44%
Udonis Haslem
44%
Yao Ming
44%
Bill Cartwright
38%
Bob Lanier
38%
Charles Oakley
38%
Dennis Scott
38%
Desmond Bane
38%
Eric Gordon
38%
Jameer Nelson
38%
Joakim Noah
38%
Joe Harris
38%
Kenny Anderson
38%
Kirk Hinrich
38%
Manute Bol
38%
Maurice Cheeks
38%
Mitch Richmond
38%
Myles Turner
38%
Nick Anderson
38%
Ricky Rubio
38%
Rolando Blackman
38%
Serge Ibaka
38%
Shawn Bradley
38%
Bill Bridges
31%
Darrell Armstrong
31%
Dave Bing
31%
Jason Terry
31%
Jerry Lucas
31%
John Starks
31%
Miles Bridges
31%
Patty Mills
31%
Tyrese Maxey
31%
Allan Houston
25%
Antawn Jamison
25%
Brandon Ingram
25%
Dan Issel
25%
Dan Majerle
25%
Danny Granger
25%
Darius Garland
25%
Doug Christie
25%
Elden Campbell
25%
Gorgui Dieng
25%
Hassan Whiteside
25%
Ivica Zubac
25%
Joe Barry Carroll
25%
Kerry Kittles
25%
Mario Chalmers
25%
Mookie Blaylock
25%
Red Kerr
25%
Sam Perkins
25%
Tiny Archibald
25%
Trevor Ariza
25%
Wayne Cooper
25%
Billy Knight
19%
Bismack Biyombo
19%
Bob Dandridge
19%
Emeka Okafor
19%
Evan Fournier
19%
Jack Twyman
19%
James Donaldson
19%
Jerome Kersey
19%
Joe Ingles
19%
Morris Peterson
19%
Raymond Felton
19%
Robert Covington
19%
Benoit Benjamin
13%
Guy Rodgers
13%
José Calderón
13%
Lindsey Hunter
13%
Mel Daniels
13%
Paul Pressey
13%
Adonal Foyle
6%
Alton Lister
6%
Buddy Heild
6%
Darwin Cook
6%
Nate McMillian
6%
Sam Lacey
6%
Tom Boerwinkle
6%
T.R. Dunn
6%
Vern Fleming
6%
Allen Leavell
0%
Bill Melchionni
0%
Billy Paultz
0%
Byron Beck
0%
Dick McGuire
0%
Don Buse
0%
Duane Causwell
0%
Eric Piatkowski
0%
Greg Ballard
0%
Quin Buckner
0%
Samuel Dalembert
0%
Terry Tyler
0%
No matching quizzes found
Score Distribution
Percent of People with Each Score
Percentile by Number Answered
Your Score History
You have not taken this quiz